000 00690nam a2200253Ia 4500
003 OSt
005 20220928130622.0
006 a|||||r|||| 00| 0
007 ta
008 220927b |||||||| |||| 00| 0 eng d
024 _a67707
037 _cTextual
040 _aSDCL
_cSDCL
_beng
041 _2eng
_aeng
082 _aB37, P5
100 _aKnapp Anthony W
_9475093
245 0 _aAdvanced real analysis along with a companion volume basic real analysis
260 _aBoston
_bBirkhauser
_c2005
300 _axxii, 465p
_ccm.
490 _aCornerstones
650 _aReal Analysis
942 _hB37, P5
_cTEXL
_2CC
999 _c787642
_d787642